Normal view MARC view
  • Malay Archipelago

Entry Geographic Name

Number of records used in: 1

001 - CONTROL NUMBER

  • control field: 8164

003 - CONTROL NUMBER IDENTIFIER

  • control field: OSt

005 - DATE AND TIME OF LATEST TRANSACTION

  • control field: 20170525123354.0

008 - FIXED-LENGTH DATA ELEMENTS

  • fixed length control field: 170525|| aca||aabn | a|a d

040 ## - CATALOGING SOURCE

  • Original cataloging agency: OSt
  • Transcribing agency: OSt

151 ## - HEADING--GEOGRAPHIC NAME

  • Geographic name: Malay Archipelago
  • General subdivision: History

670 ## - SOURCE DATA FOUND

  • Source citation: Work cat.: (OSt)0: Hooker, Virginia Matheson 8161, Tuhfat al-nafis :, 1991
Pusat Sumber Maklumat Dato' Haji Sarmin Md Hussin, Akademi Kastam Diraja Malaysia, Melaka
Tel: 06-2331106 | Faks: 06-2313787